Global security North American, European and Japanese interdependence in the 1990s
Guardado en:
| Otros Autores: | |
|---|---|
| Formato: | Libro |
| Lenguaje: | inglés |
| Publicado: |
London
Brassey's (UK)
1991
|
| Colección: | Brassey's Atlantic comentaries
no. 5 |
| Materias: | |
| Etiquetas: |
Sin Etiquetas, Sea el primero en etiquetar este registro!
|
MARC
| LEADER | 00000nam a2200000 4500 | ||
|---|---|---|---|
| 001 | c103092 | ||
| 005 | 20221123102201.7 | ||
| 020 | |a 0-08-040988-1 | ||
| 041 | 0 | |a eng | |
| 044 | |a GB | ||
| 245 | 1 | 0 | |a Global security |b North American, European and Japanese interdependence in the 1990s |c Edited by Eric Grove |
| 264 | 1 | |a London |b Brassey's (UK) |c 1991 | |
| 300 | |a 109 s. | ||
| 490 | 1 | |a Brassey's Atlantic comentaries |v no. 5 | |
| 830 | 0 | |a Brassey's Atlantic comentaries |v no. 5 | |
| 610 | 2 | 0 | |a armáda |
| 610 | 2 | 0 | |a obrana štátu |
| 610 | 2 | 0 | |a bezpečnosť |
| 610 | 2 | 0 | |a spolupráca medzinárodná |
| 610 | 2 | 0 | |a Severná Amerika |
| 610 | 2 | 0 | |a Európa |
| 610 | 2 | 0 | |a Japonsko |
| 610 | 2 | 0 | |a svet |
| 610 | 2 | 0 | |a NATO |
| 700 | 1 | |a Grove, Eric | |